UM Logo

Introduction to managerial accounting / (Record no. 5760)

MARC details
000 -LEADER
fixed length control field 00997cam a22003138i 4500
001 - CONTROL NUMBER
control field 18353734
005 - DATE AND TIME OF LATEST TRANSACTION
control field 20161118100154.0
008 - FIXED-LENGTH DATA ELEMENTS--GENERAL INFORMATION
fixed length control field 141030s2016 nyu 000 0 eng
010 ## - LIBRARY OF CONGRESS CONTROL NUMBER
LC control number 2014037058
020 ## - INTERNATIONAL STANDARD BOOK NUMBER
International Standard Book Number 978-0-078-02579-2 (alk. paper)
040 ## - CATALOGING SOURCE
Original cataloging agency DLC
Language of cataloging eng
Transcribing agency DLC
Description conventions rda
042 ## - AUTHENTICATION CODE
Authentication code pcc
050 00 - LIBRARY OF CONGRESS CALL NUMBER
Classification number HF5657.4
Item number .F65 2016
082 00 - DEWEY DECIMAL CLASSIFICATION NUMBER
Classification number DC 658.1511
Edition number 2016
Item number B75
100 1# - MAIN ENTRY--PERSONAL NAME
Personal name Brewer, Peter C.
245 10 - TITLE STATEMENT
Title Introduction to managerial accounting /
Statement of responsibility, etc. Peter C. Brewer, Ray H. Garrison, and Eric W. Noreen.
250 ## - EDITION STATEMENT
Edition statement Seventh Edition.
260 ## - PUBLICATION, DISTRIBUTION, ETC. (IMPRINT)
Place of publication, distribution, etc. New York:
Name of publisher, distributor, etc. McGraw-Hill Education,
Date of publication, distribution, etc. 2016.
263 ## - PROJECTED PUBLICATION DATE
Projected publication date 1501
300 ## - PHYSICAL DESCRIPTION
Extent xxxii, 648 pages:
Other physical details color illustrations;
Dimensions 28 cm.
500 ## - GENERAL NOTE
General note Includes index.
650 #0 - SUBJECT ADDED ENTRY--TOPICAL TERM
Topical term or geographic name as entry element Managerial accounting.
700 1# - ADDED ENTRY--PERSONAL NAME
Personal name Garrison, Ray H.
700 1# - ADDED ENTRY--PERSONAL NAME
Personal name Noreen, Eric W.
365 ## - TRADE PRICE
Price amount 3,750.00
Currency code Php
906 ## - LOCAL DATA ELEMENT F, LDF (RLIN)
a 7
b cbc
c orignew
d 1
e ecip
f 20
g y-gencatlg
942 ## - ADDED ENTRY ELEMENTS (KOHA)
Source of classification or shelving scheme Dewey Decimal Classification
Koha item type Circulation
Holdings
Withdrawn status Lost status Source of classification or shelving scheme Damaged status Not for loan Collection code Home library Current library Shelving location Date acquired Source of acquisition Total Checkouts Full call number Barcode Date last seen Date last checked out Copy number Cost, replacement price Price effective from Koha item type
    Dewey Decimal Classification     Circulation UM Digos College - LIC UM Digos College - LIC Book Cart 10/27/2016 Purchased 5 DC 658.1511 B75 2016 24584 05/15/2025 01/31/2023 1 3750.00 11/18/2016 Circulation